Pokémon TCG Pocket - La Clairière d'Évoli - Statistiques

Statistiques générales
  • Ce quiz a été pris 18 fois
    9 depuis la dernière actualisation
  • Le résultat moyen est 73 sur 107
Statistiques - réponses
Numéro Nom de la carte Rareté Type de quiz % Correct
016 Aquali ◆◆◆ Eau
100%
072 Aquali Eau
100%
055 Évoli Incolore
100%
078 Évoli Incolore
100%
017 Givrali ◆◆◆ Eau
100%
073 Givrali Eau
100%
028 Mentali ◆◆◆ Psy
100%
075 Mentali Psy
100%
043 Noctali ◆◆◆ Obscurité
100%
077 Noctali Obscurité
100%
002 Phyllali ◆◆◆ Plante
100%
070 Phyllali Plante
100%
008 Pyroli ◆◆◆ Feu
100%
071 Pyroli Feu
100%
025 Voltali ◆◆◆ Électrique
100%
074 Voltali Électrique
100%
104 Artikodin EX 🟎🟎 Eau
86%
052 Draco Dragon
86%
053 Dracolosse EX ◆◆◆◆ Dragon
86%
082 Dracolosse EX ★★ Dragon
86%
090 Dracolosse EX ★★ Dragon
86%
105 Électhor EX 🟎🟎 Électrique
86%
056 Évoli EX ◆◆◆◆ Incolore
86%
083 Évoli EX ★★ Incolore
86%
092 Évoli EX ★★★ Incolore
86%
013 Félinferno ◆◆ Feu
86%
099 Gardevoir 🟎 Psy
86%
098 Kirlia 🟎 Psy
86%
051 Minidraco Dragon
86%
033 Nymphali ◆◆◆ Psy
86%
076 Nymphali Psy
86%
034 Nymphali EX ◆◆◆◆ Psy
86%
081 Nymphali EX ★★ Psy
86%
089 Nymphali EX ★★ Psy
86%
024 Oratoria EX ◆◆◆◆ Eau
86%
080 Oratoria EX ★★ Eau
86%
088 Oratoria EX ★★ Eau
86%
022 Otaquin Eau
86%
023 Otarlette Eau
86%
009 Pyroli EX ◆◆◆◆ Feu
86%
079 Pyroli EX ★★ Feu
86%
087 Pyroli EX ★★ Feu
86%
057 Ronflex EX ◆◆◆◆ Incolore
86%
084 Ronflex EX ★★ Incolore
86%
091 Ronflex EX ★★ Incolore
86%
066 Sac Évoli ◆◆ Objet
86%
107 Sac Évoli Objet
86%
103 Sulfura EX 🟎🟎 Feu
86%
097 Tarsal 🟎 Psy
86%
004 Candine Plante
71%
037 Charmilly ◆◆ Psy
71%
036 Crèmy Psy
71%
003 Croquine Plante
71%
007 Dratatin ◆◆ Plante
71%
096 Électrode 🟎 Électrique
71%
011 Flamiaou Feu
71%
012 Matoufeu Feu
71%
069 Pania ◆◆ Supporter
71%
086 Pania ★★ Supporter
71%
005 Sucreine ◆◆ Plante
71%
031 Sucroquin Psy
71%
006 Verpom Plante
71%
095 Voltorbe 🟎 Électrique
71%
102 Canarticho 🟎 Incolore
57%
032 Cupcanaille ◆◆ Psy
57%
054 Draïeul ◆◆ Dragon
57%
106 Gallame EX 🟎🟎 Combat
57%
094 Lokhlass 🟎 Eau
57%
050 Melmetal ◆◆ Métal
57%
049 Meltan Métal
57%
067 Restes ◆◆ Outil Pokémon
57%
093 Scarabrute 🟎 Plante
57%
018 Sorbébé Eau
57%
020 Sorbouboul ◆◆ Eau
57%
019 Sorboul Eau
57%
048 Togedemaru Métal
57%
100 Abo 🟎 Obscurité
43%
101 Arbok 🟎 Obscurité
43%
045 Chacripan Obscurité
43%
010 Chartor Feu
43%
062 Chinchidou Incolore
43%
046 Léopardus ◆◆ Obscurité
43%
015 Malamandre ◆◆ Feu
43%
035 Mimiqui ◆◆ Psy
43%
063 Pashmilla ◆◆ Incolore
43%
064 Rongourmand Incolore
43%
065 Rongrigou ◆◆ Incolore
43%
068 Tili ◆◆ Supporter
43%
085 Tili ★★ Supporter
43%
014 Tritox Feu
43%
001 Tropius ◆◆ Plante
43%
039 Barbicha ◆◆ Combat
29%
038 Barloche Combat
29%
059 Capidextre ◆◆ Incolore
29%
058 Capumain Incolore
29%
029 Chovsourir Psy
29%
040 Kungfouine Combat
29%
021 Mamanbo Eau
29%
027 Mygavolt ◆◆ Électrique
29%
047 Mysdibule Métal
29%
061 Nanméouïe Incolore
29%
060 Pijako Incolore
29%
030 Rhinolove ◆◆ Psy
29%
041 Shaofouine ◆◆ Combat
29%
026 Statitik Électrique
29%
042 Strassie Combat
29%
044 Ténéfix Obscurité
29%
Aucun quiz correspondant
Distribution des résultats
% des personnes avec chaque résultat
Percentile par nombre de réponses
Votre historique - résultats
Vous n’avez pas pris ce quiz depuis la dernière actualisation